000 00845nam a22002777a 4500
001 7179
003 FISKH
005 20250701141752.0
008 250701b cb ||||| |||| 00| 0 eng d
020 _a9780395740613
040 _aFISKH
_beng
_cFISKH
_dFISKH
050 _aPZ7
082 _a 813.54
100 _aKahn, Peggy
245 _aThe wish broom /
_cby Peggy Kahn ; illustrated by Beata Szpura
260 _aBoston :
_bHoughton Mifflin Company,
_c1996.
300 _a16 pages :
_bcolor illustrations ;
_c18 x 23 cm
505 _aJ
520 _aKatie wishes that her wish broom would clean up her room.
521 8 _a430
_bLexile estimate
521 8 _aJ
_bRaz-Plus
650 _aImagining
_vEarly reader
_xWishes
_yMagic broom
700 _aSzpura, Beata
_eillustrator
942 _2ddc
_cBK
_n0
999 _c7179
_d7179